[Event "Almaty op"]
[Site "Almaty"]
[Date "2019.10.10"]
[Round "5"]
[White "Bekturov, Tamerlan"]
[Black "Harutyunian, Tigran K"]
[Result "0-1"]
[WhiteElo "2226"]
[BlackElo "2555"]
[PlyCount "106"]
[EventDate "2019.10.07"]
[EventType "swiss"]
[EventRounds "9"]
[EventCountry "KAZ"]
[SourceTitle "EXT 2020"]
[Source "ChessBase"]
[SourceDate "2019.10.17"]
[SourceVersion "1"]
[SourceVersionDate "2019.10.17"]
[SourceQuality "1"]

1. d4 Nf6 2. c4 e6 3. g3 d5 4. Nf3 Bb4+ 5. Bd2 Be7 6. Bg2 0-0 7. 0-0 Nbd7 8. Qc2 c6 9. Rd1 Ne4 10. Be3 f5 11. Nfd2 Bd6 12. Nxe4 fxe4 13. f3 Nf6 14. fxe4 Ng4 15. Qd2 e5 16. dxe5 Nxe3 17. Qxe3 Bxe5 18. Na3 Bxb2 19. Rab1 d4 20. Qb3 Bc3 21. c5+ Kh8 22. Nc2 Qe7 23. Qa3 Qe5 24. e3 dxe3 25. Rd3 Bd2 26. Nxe3 Bxe3+ 27. Rxe3 Be6 28. Qc3 Qxc3 29. Rxc3 Rad8 30. Rf3 Rxf3 31. Bxf3 Rd7 32. Rb2 Kg8 33. Kf2 Kf7 34. Ke3 Kf6 35. Be2 Ke5 36. Bd3 Rf7 37. Be2 Rd7 38. Bd3 g5 39. Be2 h6 40. a3 Rd4 41. Rxb7 Rxe4+ 42. Kd2 Ra4 43. Rh7 Rxa3 44. Rxh6 Bd5 45. Rh7 Kd4 46. h4 Ra2+ 47. Kd1 Ke3 48. Re7+ Be4 49. Rxe4+ Kxe4 50. hxg5 Ke3 51. Bc4 Rg2 52. g6 Rxg3 53. Bf7 Kd4 0-1